=LDR 00000nam 2200000 4500 =001 INLIS000000000008694 =005 20130612100530 =008 ***********************************Ind** =035 ##$$0010-061300000008694 =041 ##$$a Ind =082 ##$$a 372.8 =090 ##$$a 372.86bIlm i =245 ##$$a Ilmu Pengetahuan sosial (IPS) 1a kls iii =260 ##$$a 2000 $b Semarang =300 ##$$a vii, ...hlm, ilus, 330 cm =650 ##$$a Pendidikan Dasar Sains - Kurikulum